Statistisches Jahrbuch der Deutschen Demokratischen Republik 1986

Gespeichert in:
Bibliographische Detailangaben
Format: Buch
Sprache:Deutsch
Veröffentlicht: Berlin Staatsverlag der DDR 1986
Tags: Tag hinzufügen
Keine Tags, Fügen Sie das erste Tag hinzu!

MARC

LEADER 00000nam a2200000 4500
001 c034603
005 20250704104953.7
041 0 |a ger 
044 |a DE 
245 1 0 |a Statistisches Jahrbuch der Deutschen Demokratischen Republik 1986 
264 1 |a Berlin  |b Staatsverlag der DDR  |c 1986 
300 |a 424, 96, 15 s.  |e príl.